000 01118nam a22003017a 4500
001 0011708
003 KOHA_MİRAKIL
005 20260207001827.0
007 ta
008 091217b tu |||gr||||#||||0|tur |
020 _a9757717045
040 _aTR-BiSEU
_btur
_cTR-BiSEU
_erda
041 0 _atur
044 _ctu
050 _aS593
_b.K32 [t.y.]
100 1 _aKacar, Burhan.
245 1 _aToprak analizleri :
_bBitki ve toprağın kimyasal analizleri III /
_cBurhan Kacar ; Burhan Kacar.
264 1 _aAnkara :
_bAnkara Üniversitesi Ziraat Fakültesi Eğitim, Araştırma ve Geliştirme Vakfı
_c[t.y.]
300 _axiv, 705 sayfa; 24 cm.
336 _ametin
_btxt
_2rdacontent
337 _aaracısız
_bn
_2rdamedia
338 _acilt
_bnc
_2rdacarrier
490 1 _aAnkara Üniversitesi Ziraat Fakültesi Eğitim, Araştırma ve Geliştirme Vakfı yayınları ;
_vno: 3.
500 _aKaynakça ve dizin var.
650 0 _aTopraklar--Analiz.
_928516
830 1 _aAnkara Üniversitesi Ziraat Fakültesi Eğitim, Araştırma ve Geliştirme Vakfı yayınları ;
_vno: 3.
_928517
942 _2lcc
_cBK
999 _c11677
_d11677